=LDR 00000nam 2200000 4500 =001 NUTBA000000000001639 =005 20140507180335.0 =006 =007 =008 =035 ##$$a 0010-051400000000104 =082 ##$$a 428 =100 ##$$aBAMBANG UDOYONO =245 ##$$aENGLISH FOR TOURISM PANDUAN BERPROFESI DI DUNIA PARIWISATA =260 ##$$a YOGYAKARTA $b ANDI $c 2011 =300 ##$$b VIII, 168 HLM =440 ##$$a aENGLISH FOR TOURISM PANDUAN BERPROFESI DI DUNIA PARIWISATA =700 ##$$aBAMBANG UDOYONO =990 ##$$a 21196301/BPAP-NTB/2014